000 00384 a2200145 4500
001 170537
020 _a
040 _cMagnum
100 _aAgencia Regional de Noticias
240 1 0 _aClipping em educacao - 02/07/01 a 08/07/01 - ano ii - nº 94
_lpor
245 1 0 _aClipping em educacao - 02/07/01 a 08/07/01 - ano ii - nº 94
362 0 _a1899
697 _aENSINO
942 _cBK
999 _c170537
_d170537